Films d'animation - Mauvais résumé - Statistiques

Statistiques générales
  • Ce quiz a été pris 465 fois
  • Le résultat moyen est 5 sur 9
Statistiques - réponses
Hint Réponse % Correct
Elle fais le ménage toute la journée et parle avec des souris Cendrillon
95%
Un cowboy tente d'assassiner un astronaute pour l'amour et l'attention d'un enfant Toy Story
88%
Elle dort pour ne pas servir 7 hommes Blanche Neige et les 7 nains
73%
Elle a été emprisonnée mais épouse un bandit Raiponce
67%
Il fugue en pensant avoir tué son père et retrouve le calme après avoir tué son oncle Le roi lion
57%
Elle épouse un homme qui pêche toute sa famille et ses amis La petite sirène
45%
Un manipulateur crée une fausse identité pour séduire une riche héritière Aladdin
34%
Une orpheline voyage pour connaitre son histoire et découvre qu'elle est vraiment orpheline Anastasia
16%
Ils séquestrent une petite fille et elle développe le syndrome de Stockholm Monstres et Cie
14%
Aucun quiz correspondant
Distribution des résultats
% des personnes avec chaque résultat
Percentile par nombre de réponses
Votre historique - résultats
Vous n’avez pas pris ce quiz